000 00312nam a2200145Ia 4500
100 _aPrakash/ C.P.
942 _cBK
654 _aMarketing
245 _aMarketing Salesmanship & Publicity
260 _bNirali prakashan
_aPune
082 _a658.8
_bPAR
300 _a365
546 _aENGLISH
999 _c24596
_d24596